banner-ar

سيكولوجية التعصب / (Record no. 28230)

MARC details
000 -الفاتح
حقل البيانات ثابتة الطول 00688nam a2200229Ia 4500
008 - عناصر البيانات ثابتة الطول - معلومات عامة
حقل البيانات ثابتة الطول 140319s9999 xx 000 0 ara d
040 ## - مصدر الفهرسة
وكالة الفهرسة الأصلية GCL /
وكالة النسخ GCL
082 04 - رقم تصنيف ديوى العشرى
رقم التصنيف 154.1933
رقم المادة هـ س
100 1# - المدخل الرئيسى - إسم شخصى
الإسم الشخصى خليل احمد خليل
245 10 - بيان العنوان
العنوان سيكولوجية التعصب /
بيان المسئوليه,etc خليل احمد خليل
700 1# - المدخل الاضافى - اسم شخصى
الإسم الشخصى هاينال, اندرية
700 1# - المدخل الاضافى - اسم شخصى
الإسم الشخصى مولنار, ميكوس
700 1# - المدخل الاضافى - اسم شخصى
الإسم الشخصى دى بوميح، جيراد
260 ## - PUBLICATION, DISTRIBUTION, ETC. (IMPRINT)
تاريخ النشر أو التوزيع 1990
300 ## - الوصف المادى
التعداد 88 ص
490 ## - بيان السلسلة
عنوان السلسلة
650 04 - المدخل الاضافى بالموضوع-مصطلح موضوعى
مصطلح موضوعي التحليل النفسى
650 04 - المدخل الاضافى بالموضوع-مصطلح موضوعى
مصطلح موضوعي علم النفس الاجتماعى
650 04 - المدخل الاضافى بالموضوع-مصطلح موضوعى
مصطلح موضوعي العدوانية
942 ## - عناصر المدخل الإضافي( كوها)
مصدر التصنيف او مخطط الترفيف Dewey Decimal Classification
Koha [default] item type كتاب
260 ## - PUBLICATION, DISTRIBUTION, ETC. (IMPRINT)
-- [S.N] :
-- دار الساقى ،
Holdings
حالة التراجع حالة الفقد حالة تلف ليس للاعارة المكان المؤقت الموقع الحالى تاريخ الاكتساب اجمالي اﻻعارات رقم الطلب الباركود تاريخ اخر مشاهدة تاريخ تفعيل السعر نوع وعاء كوها
        مكتبة القاهرة الكبرى مكتبة القاهرة الكبرى 03/26/2014   154.1933\هـ س 64453 03/26/2014 03/26/2014 كتاب
        مكتبة القاهرة الكبرى مكتبة القاهرة الكبرى 03/26/2014   154.1933\هـ س 64454 03/26/2014 03/26/2014 كتاب
        مكتبة القاهرة الكبرى مكتبة القاهرة الكبرى 03/26/2014   154.1933\هـ س 64455 03/26/2014 03/26/2014 كتاب

Powered By

EGPV